000
00207nam a22000857a 4500
008
241211b |||||||| |||| 00| 0 eng d
020
_a
9789351866060
100
_a
Gandhi
_9
7821
245
_a
101 Great Personalities
999
_c
12726
_d
12726